000 02580cab a2200313 ab4500
005 20231011124757.0
008 991125c2015 ag fr p o 000 0 spa d
035 _aUPN01000217553
040 _aMX-MxUPN
_bspa
_cMX-MxUPN
_eaacr2
049 _aART-E
100 1 _aOrmart, Elizabeth Beatriz
100 1 _ueormart@gmail.com
100 1 _aSalomone, Gabriela Zulma
100 1 _aLima, Natacha Salomé
100 1 _aLópez, Giselle Andrea
100 1 _aPena, Federico Ignacio
245 1 0 _aAbuso sexual en la infancia y ética profesional :
_balgunas consideraciones sobre la responsabilidad del psicólogo a partir del Film Jagten.
_h[recurso electrónico en línea]
506 0 _aAcceso abierto
520 3 _a¿Cómo debería proceder un profesional de la salud frente a una sospecha de abuso sexual infantil? Desde el marco deontológico, la normativa es clara: según la Ley 24.417 de Protección contra la violencia familiar y el decreto reglamentario de la ley se establece un plazo para llevar a cabo la denuncia. Ese plazo es un margen flexible que introduce la normativa donde prima el criterio profesional, es decir se pone en juego la dimensión de juicio crítico que supone la ética en situación, pudiendo el psicólogo disponer de un tiempo acotado para intentar alguna maniobra terapéutica que haga cesar el abuso. Sin embargo, en casos como estos es necesario hacer intervenir a la justicia (vía la denuncia) que al operar como Otro de la ley introduce la instancia de sanción social, punto de partida insoslayable para esta problemática. A partir de la Convención Internacional sobre los Derechos del Niño (CDN) que introduce un nuevo paradigma jurídico, social y político respecto de la niñez, analizaremos los alcances de la noción de autonomía progresiva con respecto al interés superior del niño. El film La Caza (Jacten, Vinterberg 2012) se presenta como escenario privilegiado para reflexionar en torno a las complejidades deontológicas y clínicas del derecho del niño a ser oído; la dialéctica autonomía- vulnerabilidad y las implicancias subjetivas del rol del psicólogo en estos casos. PP
653 0 _aAbuso sexual infantil
653 0 _aÉtica profesional
653 0 _aPsicología forense
653 0 _aDerechos humanos
773 _gVol. 12, no. 3 (esp.) (2015), p. 66-77
_t Perspectivas en psicología : revista de psicología y ciencias afines
_x1853-8800
856 4 _uhttp://200.0.183.216/revista/index.php/pep/article/view/214
902 _bLeonor Sotres/111023
905 _aArticulo
942 _cART-E
999 _c189653
_d189653